000 00625nam a2200265Ia 4500
005 20260306164321.0
008 008 260114s9999 xx 000 0 eng d
020 _a9780262333450
037 _aEBOOK
040 _aCRL
040 _beng
040 _cCRL
041 _2eng
041 _aeng
084 _qCRL
100 _aBlanchard, Rajan, Rogoff, Summers
_91130431
245 0 _aProgress And Confusion
260 _bThe MIT Press
260 _c2017
650 _aEconomics & Finance
856 _uhttps://academic.oup.com/book/30285
942 _cEBOOK
999 _c1713626
_d1713626